000 00732nam a2200253 a 4500
001 1656554
005 20180201095002.0
008 990127s1998 txu b 000 0 eng d
010 _a 97072354
020 _a0155051407 (pbk.)
035 _a(OCoLC)39350212
040 _aInU
_cInU
_dDLC
041 _aeng
042 _alccopycat
043 _an-us---
080 _a37 rob
100 _a48
101 _aedu
245 0 0 _aEncounters in education /
_c[edited by] Robert E. Fitzgibbons, Raymond J. ZuWallack.
504 _aIncludes bibliographical references.
906 _a7
_bcbc
_ccopycat
_d3
_eopcn
_f19
_gy-gencatlg
942 _2ddc
_cBK
999 _c41567
_d41567